000 01025cam a22003377a 4500
003 CHAP
005 20220329133208.0
008 971013s1991 r 00010 d
010 _a3230
011 _a4202
035 _a3404
040 _cCHAP
082 _a584.9
_bR45
100 0 0 _aRemón Eroso, Juan.
_995884
245 1 4 _aLas plantas de nuestros prados
260 _aMadrid :
_bMundi-Prensa,
_c1991
300 _a206 p
490 0 _aAgroguías Mundi-Prensa
590 _aBATCH-UPD
_b10
_c20130110
_lUCH01
_h1240
590 _aBATCH-UPD
_b10
_c20130410
_lUCH01
_h0807
590 _aBATCH-UPD
_b10
_c20130914
_lUCH01
_h1550
590 _aCONVERSION
_b10
_c20130109
_lUCH01
_h1303
650 1 4 _aGramíneas.
_950260
650 1 4 _aLeguminosas.
_965807
650 1 4 _aPastos.
_985986
830 0 _aAgroguias Mundi-Prensa
_92183
901 _aBK
942 _cLIBRO
949 _a584.9 R45
_bBC
_cC
_d33724000525895
_eC
_fc.2
_h83439
_i3404
_si
_t55.00
949 _a584.9 R45
_bBC
_cC
_d33724000525903
_eC
_gI. c/e
_h81124
_i3404
_si
_t55.00
999 _c3230
_d3230